La Medicina psicológica nella practica medica quotidiana / (Record no. 71555)

MARC details
000 -LEADER
campo de control de longitud fija 00459nam a2200157 i 4500
001 - NÚMERO DE CONTROL
campo de control 71555
003 - IDENTIFICADOR DE NÚMERO DE CONTROL
campo de control ES-MaACL
005 - FECHA Y HORA DE LA ÚLTIMA TRANSACCIÓN
campo de control 20230906171149.0
007 - CAMPO FIJO DE DESCRIPCIÓN FÍSICA--INFORMACIÓN GENERAL
campo de control de longitud fija t|
008 - DATOS DE LONGITUD FIJA--INFORMACIÓN GENERAL
campo de control de longitud fija 040812s1924 it ||||1| ita d
100 1# - ENTRADA PRINCIPAL--NOMBRE DE PERSONA
Nombre de persona Gentile, Nicola.
9 (RLIN) 56360
245 13 - MENCIÓN DEL TÍTULO
Título La Medicina psicológica nella practica medica quotidiana /
Mención de responsabilidad, etc. Nicola Gentile.
260 ## - PUBLICACIÓN, DISTRIBUCIÓN, ETC.
Lugar de publicación, distribución, etc. Torino :
Nombre del editor, distribuidor, etc. Fratelli Bocca,
Fecha de publicación, distribución, etc. 1924 (
Fabricante Imp. Olivero)
300 ## - DESCRIPCIÓN FÍSICA
Extensión 258 p. ;
Dimensiones 21 cm.
852 ## - LOCALIZACIÓN
Ubicación ES-MaACL
Número de control de estantería F-5055
Holdings
Estatus retirado Estado de pérdida Estado de daño No para préstamo Biblioteca de origen Biblioteca actual Ubicación en estantería Fecha de adquisición Fuente de adquisición Total de préstamos Signatura topográfica completa Código de barras Visto por última vez Precio de reemplazo Tipo de ítem Koha
        Biblioteca del Ateneo de Madrid Biblioteca del Ateneo de Madrid Depósito 2 17/01/2008     F-5055 1074912 23/02/2023 23/02/2023 Libro impreso